Implementácia a overenie modulu sériovej zbernice I2C pomocou vybraného PLD obvodu
Salvato in:
| Autore principale: | |
|---|---|
| Altri autori: | |
| Natura: | Manoscritto Libro |
| Lingua: | slovacco |
| Pubblicazione: |
Bratislava :
STU v Bratislave FEI,
2022
|
| Soggetti: | |
| Accesso online: | https://opac.crzp.sk/?fn=detailBiblioFormChildESQAG&sid=85CE14C1EED0152B7638D79735B2&seo=CRZP-detail-kniha |
| Tags: |
Nessun Tag, puoi essere il primo ad aggiungerne!!
|
MARC
| LEADER | 00000ntm a22000003a 4500 | ||
|---|---|---|---|
| 001 | stuzp87029 | ||
| 003 | SK-STU | ||
| 005 | 20230306133047.7 | ||
| 007 | ta | ||
| 008 | 150427s2015----xo-----f-mn---000-0-slo-d | ||
| 040 | |a STU |b slo | ||
| 041 | 0 | |a slo | |
| 044 | |a xo | ||
| 100 | 1 | |a Roháč, Juraj |u 033000 |4 aut |U FEI Fakulta elektrotechniky a informatiky |T FEI Ústav elektroniky a fotoniky |X 104344 |U E030 |Y 549 |7 104344 | |
| 242 | 0 | 1 | |a Implementation and verification of the I2C serial bus module using the selected PLD |y eng |
| 245 | 1 | 0 | |a Implementácia a overenie modulu sériovej zbernice I2C pomocou vybraného PLD obvodu |
| 260 | |a Bratislava : |b STU v Bratislave FEI, |c 2022 | ||
| 300 | |a 58 s., príl. | ||
| 650 | 4 | |a I2C |2 slo | |
| 650 | 4 | |a digitálne integrované obvody |2 slo | |
| 650 | 4 | |a programovateľné logické obvody |2 slo | |
| 650 | 4 | |a FPGA |2 slo | |
| 650 | 4 | |a ASIC |2 slo | |
| 650 | 4 | |a Verilog |2 slo | |
| 650 | 4 | |a programmable logic devices |2 eng | |
| 650 | 4 | |a FPGA |2 eng | |
| 650 | 4 | |a ASIC |2 eng | |
| 650 | 4 | |a Verilog |2 eng | |
| 650 | 4 | |a digital integrated circuit |2 eng | |
| 650 | 4 | |a I2C |2 eng | |
| 700 | 1 | |a Benko, Peter |u 033000 |k Z2 |4 ths |U FEI Fakulta elektrotechniky a informatiky |T FEI Ústav elektroniky a fotoniky |X 5148 |U E030 |Y 549 |7 A000005148 | |
| 856 | 4 | |u https://opac.crzp.sk/?fn=detailBiblioFormChildESQAG&sid=85CE14C1EED0152B7638D79735B2&seo=CRZP-detail-kniha | |